| 000 | 00731cam a22002173a 4500 | ||
|---|---|---|---|
| 001 | 39159 | ||
| 003 | PGUSA | ||
| 005 | 20140828083853.0 | ||
| 008 | 120315s2012||||xxu|||||s|||||000 | eng d | ||
| 040 |
_aPGUSA _beng |
||
| 042 | _adc | ||
| 100 | 1 |
_aBaum, L. Frank _q(Lyman Frank), _d1856-1919 |
|
| 245 | 1 | 0 |
_aSky Island : _bBeing the Further Exciting Adventures of Trot and Cap'n Bill after Their Visit to the Sea Fairies _h[electronic resource] / _cL. Frank Baum |
| 260 |
_bProject Gutenberg, _c2012 |
||
| 506 | _aPublic domain in the USA. | ||
| 516 | _aElectronic text | ||
| 700 | 1 |
_aNeill, John R. _q(John Rea), _d1877-1943 |
|
| 830 | 0 |
_aProject Gutenberg _v39159 |
|
| 856 | 4 | 0 | _uhttp://www.gutenberg.org/ebooks/39159 |
| 942 | _cEB | ||
| 999 |
_c268412 _d268412 |
||